[Event "Omsk op 05"]
[Site "Omsk"]
[Date "2014.05.08"]
[Round "4"]
[White "Mikhailovsky, Viktor"]
[Black "Tastanov, Azamat"]
[Result "1-0"]
[WhiteElo "1997"]
[BlackElo "1747"]
[PlyCount "45"]
[EventDate "2014.05.01"]
[EventType "swiss"]
[EventRounds "9"]
[EventCountry "RUS"]
[SourceTitle "EXT 2016"]
[Source "ChessBase"]
[SourceDate "2015.10.08"]
[SourceVersion "1"]
[SourceVersionDate "2015.10.08"]
[SourceQuality "1"]

1. d4 d5 2. c4 c6 3. Nc3 Nf6 4. cxd5 cxd5 5. Bf4 a6 6. e3 Nc6 7. Rc1 e6 8. Bd3 Bd6 9. Bg3 Bxg3 10. hxg3 h6 11. Nf3 Qd6 12. a3 e5 13. dxe5 Nxe5 14. Nxe5 Qxe5 15. Rh4 0-0 16. Qa4 Bd7 17. Qd4 Qxd4 18. Rxd4 Rac8 19. Rd1 Be6 20. Bb1 b6 21. Ba2 Rc6 22. R1d2 Rd8 23. e4 1-0

[Event "Omsk op 02"]
[Site "Omsk"]
[Date "2014.02.12"]
[Round "7"]
[White "Afonin, Gennadi"]
[Black "Mikhailovsky, Viktor"]
[Result "1/2-1/2"]
[WhiteElo "2007"]
[BlackElo "1988"]
[PlyCount "90"]
[EventDate "2014.02.03"]
[EventType "swiss"]
[EventRounds "9"]
[EventCountry "RUS"]
[SourceTitle "EXT 2016"]
[Source "ChessBase"]
[SourceDate "2015.10.08"]
[SourceVersion "1"]
[SourceVersionDate "2015.10.08"]
[SourceQuality "1"]

1. e4 e5 2. Nc3 Nf6 3. g3 d5 4. Bg2 Be6 5. d3 d4 6. Nce2 Nc6 7. f4 g6 8. Nf3 Nd7 9. Ng5 Bg4 10. 0-0 h6 11. Nf3 f6 12. h3 Bxf3 13. Rxf3 Bd6 14. g4 Qe7 15. f5 gxf5 16. Rxf5 0-0-0 17. a3 Qf7 18. Ng3 Ne7 19. Rf2 c5 20. Nf5 Nxf5 21. exf5 h5 22. Qf3 Nb6 23. g5 fxg5 24. Bxg5 Rdg8 25. h4 Na4 26. b3 Nc3 27. a4 Rf8 28. Re1 Qc7 29. f6 Rf7 30. Bh3+ Kb8 31. Be6 Rff8 32. Rg2 Qc6 33. Qxc6 bxc6 34. f7 Nd5 35. Bd2 Nc7 36. Bc4 Nd5 37. Rf1 Rh7 38. Rg8 Rhxf7 39. Rxf8+ Rxf8 40. Bxd5 Rxf1+ 41. Kxf1 cxd5 42. Bg5 e4 43. Ke2 exd3+ 44. cxd3 Kb7 45. Kf3 Kb6 1/2-1/2

[Event "Omsk op 02"]
[Site "Omsk"]
[Date "2014.02.05"]
[Round "2"]
[White "Strizhachenko, Yuri"]
[Black "Mikhailovsky, Viktor"]
[Result "1/2-1/2"]
[WhiteElo "2140"]
[BlackElo "1988"]
[PlyCount "33"]
[EventDate "2014.02.03"]
[EventType "swiss"]
[EventRounds "9"]
[EventCountry "RUS"]
[SourceTitle "EXT 2016"]
[Source "ChessBase"]
[SourceDate "2015.10.08"]
[SourceVersion "1"]
[SourceVersionDate "2015.10.08"]
[SourceQuality "1"]

1. c4 f5 2. d4 Nf6 3. Nc3 e6 4. Nf3 c6 5. g3 Be7 6. Bg2 d5 7. Ne5 0-0 8. 0-0 Qc7 9. Re1 h6 10. Bf4 Bd6 11. cxd5 exd5 12. Rc1 Qb6 13. Qb3 Be6 14. e4 fxe4 15. Nxe4 Nxe4 16. Bxe4 Bxe5 17. Bxe5 1/2-1/2

[Event "Omsk op 12"]
[Site "Omsk"]
[Date "2013.12.12"]
[Round "8"]
[White "Riabinina, Margarita"]
[Black "Mikhailovsky, Viktor"]
[Result "0-1"]
[WhiteElo "1724"]
[BlackElo "2024"]
[PlyCount "54"]
[EventDate "2013.12.01"]
[EventType "swiss"]
[EventRounds "9"]
[EventCountry "RUS"]
[SourceTitle "EXT 2016"]
[Source "ChessBase"]
[SourceDate "2015.10.08"]
[SourceVersion "1"]
[SourceVersionDate "2015.10.08"]
[SourceQuality "1"]

1. e4 d6 2. d4 Nf6 3. Nc3 c5 4. dxc5 Qa5 5. Bd2 Qxc5 6. h3 a6 7. a4 b6 8. Bd3 Bb7 9. Nf3 Nbd7 10. 0-0 e6 11. Rb1 Be7 12. b4 Qc7 13. Qe2 0-0 14. Rfc1 Rfe8 15. Re1 Nf8 16. Qd1 Ng6 17. Re3 e5 18. Bf1 Rac8 19. Qe1 Qd7 20. b5 a5 21. Bd3 Nf4 22. Nh2 Red8 23. Ne2 d5 24. Nxf4 exf4 25. Re2 dxe4 26. Bxf4 Bb4 27. Rxb4 exd3 0-1

[Event "Omsk op"]
[Site "Omsk"]
[Date "2013.09.18"]
[Round "9"]
[White "Mikhailovsky, Viktor"]
[Black "Bogachkova, Alena"]
[Result "0-1"]
[WhiteElo "2013"]
[BlackElo "2129"]
[PlyCount "32"]
[EventDate "2013.09.10"]
[EventType "swiss"]
[EventRounds "9"]
[EventCountry "RUS"]
[SourceTitle "CBM 156 Extra"]
[Source "ChessBase"]
[SourceDate "2013.10.22"]
[SourceVersion "1"]
[SourceVersionDate "2013.10.22"]
[SourceQuality "1"]

1. c4 g6 2. Nc3 Bg7 3. g3 d6 4. Bg2 e5 5. Nf3 f5 6. d3 Ne7 7. Qb3 c6 8. e4 h6 9. Be3 Na6 10. d4 Qc7 11. dxe5 dxe5 12. Rd1 Be6 13. a4 0-0 14. 0-0 Nc8 15. Rfe1 Qf7 16. exf5 gxf5 0-1

[Event "Omsk op"]
[Site "Omsk"]
[Date "2013.09.14"]
[Round "5"]
[White "Pozdniakov, Vladimir"]
[Black "Mikhailovsky, Viktor"]
[Result "0-1"]
[WhiteElo "2175"]
[BlackElo "2013"]
[PlyCount "53"]
[EventDate "2013.09.10"]
[EventType "swiss"]
[EventRounds "9"]
[EventCountry "RUS"]
[SourceTitle "CBM 156 Extra"]
[Source "ChessBase"]
[SourceDate "2013.10.22"]
[SourceVersion "1"]
[SourceVersionDate "2013.10.22"]
[SourceQuality "1"]

1. d4 d5 2. Nf3 Nf6 3. e3 Bf5 4. c4 Bxb1 5. Rxb1 e6 6. a3 a5 7. c5 Be7 8. Qc2 Ne4 9. Bd3 f5 10. b4 axb4 11. axb4 0-0 12. 0-0 Nd7 13. Bb2 c6 14. Ra1 Qc7 15. Rxa8 Rxa8 16. Ra1 Rxa1+ 17. Bxa1 b5 18. Qa2 Qb7 19. Ne5 Nxe5 20. dxe5 Bd8 21. Bd4 Ng5 22. f3 Bc7 23. e4 fxe4 24. fxe4 Qb8 25. exd5 exd5 26. Qa1 Ne6 27. Bb2 0-1

[Event "Omsk-ch"]
[Site "Omsk"]
[Date "2013.02.16"]
[Round "8"]
[White "Mikhailovsky, Viktor"]
[Black "Skokov, Boris"]
[Result "0-1"]
[WhiteElo "2023"]
[BlackElo "2010"]
[PlyCount "66"]
[EventDate "2013.02.09"]
[EventType "swiss"]
[EventRounds "9"]
[EventCountry "RUS"]
[SourceTitle "CBM 153 Extra"]
[Source "ChessBase"]
[SourceDate "2013.04.22"]
[SourceVersion "1"]
[SourceVersionDate "2013.04.22"]
[SourceQuality "1"]

1. c4 Nf6 2. g3 e6 3. Bg2 d5 4. Nf3 c5 5. 0-0 d4 6. d3 Nc6 7. Bf4 Bd6 8. Bg5 h6 9. Bd2 0-0 10. Qc1 Kh7 11. Na3 e5 12. Nc2 a5 13. Nce1 Nh5 14. Nh4 f5 15. e4 f4 16. Qd1 g6 17. Nc2 Ng7 18. Bf3 g5 19. Ng2 Be6 20. b3 Qd7 21. g4 Ne8 22. Be2 Nf6 23. f3 h5 24. h3 Rh8 25. Kf2 Raf8 26. Rh1 Kg6 27. Qc1 Qg7 28. Na3 hxg4 29. Nb5 g3+ 30. Ke1 Bb8 31. h4 Kf7 32. hxg5 Qxg5 33. a3 Rxh1+ 0-1

[Event "Omsk-ch"]
[Site "Omsk"]
[Date "2012.03.25"]
[Round "9"]
[White "Bogachkova, Alena"]
[Black "Mikhailovsky, Viktor"]
[Result "1/2-1/2"]
[WhiteElo "2017"]
[BlackElo "1968"]
[PlyCount "72"]
[EventDate "2012.03.15"]
[EventType "swiss"]
[EventRounds "9"]
[EventCountry "RUS"]
[SourceTitle "EXT 2013"]
[Source "ChessBase"]
[SourceDate "2012.11.22"]
[SourceVersion "1"]
[SourceVersionDate "2012.11.22"]
[SourceQuality "1"]

1. e4 d6 2. d4 g6 3. Nc3 Bg7 4. f4 e6 5. Nf3 Ne7 6. Be3 c5 7. dxc5 Bxc3+ 8. bxc3 d5 9. e5 Nbc6 10. Nd4 Qa5 11. Nb5 0-0 12. Qd2 Nf5 13. Bf2 f6 14. exf6 Rxf6 15. Be2 Bd7 16. 0-0 a6 17. Nd6 Nxd6 18. cxd6 Qa3 19. c4 Qxd6 20. Rab1 b5 21. cxb5 axb5 22. Bxb5 Rxa2 23. Bxc6 Qxc6 24. Rb8+ Rf8 25. Rxf8+ Kxf8 26. Qd4 Qxc2 27. Qh8+ Ke7 28. Qxh7+ Kd6 29. Qg7 Bb5 30. Qf8+ Kc7 31. Qe7+ Bd7 32. Qb4 Rb2 33. Qd4 Rb1 34. Qe5+ Kc6 35. Rxb1 Qxb1+ 36. Be1 Qe4 1/2-1/2

[Event "Omsk-ch"]
[Site "Omsk"]
[Date "2012.03.23"]
[Round "7"]
[White "Adamson, Konstantin"]
[Black "Mikhailovsky, Viktor"]
[Result "1-0"]
[WhiteElo "2182"]
[BlackElo "1968"]
[PlyCount "51"]
[EventDate "2012.03.15"]
[EventType "swiss"]
[EventRounds "9"]
[EventCountry "RUS"]
[SourceTitle "EXT 2013"]
[Source "ChessBase"]
[SourceDate "2012.11.22"]
[SourceVersion "1"]
[SourceVersionDate "2012.11.22"]
[SourceQuality "1"]

1. e4 d6 2. d4 Nf6 3. Nc3 g6 4. f4 Bg7 5. Nf3 c6 6. Bd3 e6 7. 0-0 0-0 8. f5 exf5 9. exf5 Nd5 10. Nxd5 cxd5 11. Bg5 Bxd4+ 12. Nxd4 Qxg5 13. Nb5 Nc6 14. Nc7 Rb8 15. Nxd5 Ne5 16. Be4 Ng4 17. Qd4 b6 18. Rf4 Ne5 19. Raf1 Bb7 20. fxg6 fxg6 21. Nf6+ Kh8 22. Bxb7 Rxb7 23. h4 Qg3 24. Rg4 Nxg4 25. Nxg4+ Kg8 26. Nh6# 1-0

[Event "Omsk op"]
[Site "Omsk"]
[Date "2012.02.11"]
[Round "9"]
[White "Mikhailovsky, Viktor"]
[Black "Barakin, Gennady"]
[Result "1-0"]
[WhiteElo "1968"]
[BlackElo "1969"]
[PlyCount "57"]
[EventDate "2012.01.29"]
[EventType "swiss"]
[EventRounds "9"]
[EventCountry "RUS"]
[SourceTitle "EXT 2022"]
[Source "ChessBase"]
[SourceDate "2021.10.06"]
[SourceVersion "1"]
[SourceVersionDate "2021.10.06"]
[SourceQuality "1"]

1. c4 e5 2. g3 Nf6 3. Bg2 Be7 4. Nc3 d6 5. b4 0-0 6. a3 Nc6 7. d3 Nd4 8. Bb2 c6 9. e3 Ne6 10. Nge2 Ne8 11. 0-0 f5 12. d4 e4 13. d5 Ng5 14. Nf4 Nf7 15. f3 exf3 16. Bxf3 Ne5 17. Qe2 g5 18. Nd3 c5 19. Nxe5 dxe5 20. bxc5 e4 21. Nxe4 fxe4 22. Bxe4 g4 23. Rxf8+ Bxf8 24. Qd3 Nf6 25. Bxh7+ Kh8 26. Qg6 Bg7 27. Rf1 Qe7 28. Bxf6 Qxe3+ 29. Rf2 1-0

[Event "Omsk op"]
[Site "Omsk"]
[Date "2012.02.04"]
[Round "4"]
[White "Volkov, Alexander2"]
[Black "Mikhailovsky, Viktor"]
[Result "1-0"]
[WhiteElo "2157"]
[BlackElo "1968"]
[PlyCount "35"]
[EventDate "2012.01.29"]
[EventType "swiss"]
[EventRounds "9"]
[EventCountry "RUS"]
[SourceTitle "EXT 2022"]
[Source "ChessBase"]
[SourceDate "2021.10.06"]
[SourceVersion "1"]
[SourceVersionDate "2021.10.06"]
[SourceQuality "1"]

1. Nf3 Nf6 2. c4 c5 3. b3 Nc6 4. Bb2 d6 5. d4 Bg4 6. Nbd2 Qa5 7. d5 Bxf3 8. gxf3 Nd4 9. e3 Nf5 10. Qc2 g6 11. Bh3 Nh4 12. Bc3 Qc7 13. Bxf6 exf6 14. Qe4+ Be7 15. Qxh4 f5 16. Qf4 Bf6 17. Rd1 Be5 18. Qh6 1-0

[Event "Omsk-ch"]
[Site "Omsk"]
[Date "2011.11.18"]
[Round "4"]
[White "Manchenko, Vladimir"]
[Black "Mikhailovsky, Viktor"]
[Result "0-1"]
[WhiteElo "2074"]
[BlackElo "1982"]
[PlyCount "84"]
[EventDate "2011.11.13"]
[EventType "swiss"]
[EventRounds "9"]
[EventCountry "RUS"]
[SourceTitle "EXT 2013"]
[Source "ChessBase"]
[SourceDate "2012.11.22"]
[SourceVersion "1"]
[SourceVersionDate "2012.11.22"]
[SourceQuality "1"]

1. c4 Nf6 2. Nc3 e5 3. Nf3 Nc6 4. g3 b6 5. Bg2 Rb8 6. 0-0 Bb7 7. e3 Be7 8. Nd5 0-0 9. a3 e4 10. Ne1 Ne5 11. Qc2 Nxd5 12. cxd5 Bxd5 13. Bxe4 Bxe4 14. Qxe4 Bf6 15. d4 d5 16. Qc2 Nc4 17. Rb1 Qd7 18. Nd3 Rfe8 19. Rd1 Nd6 20. Nf4 c6 21. Kg2 Rbc8 22. Bd2 Ne4 23. f3 Nd6 24. b3 Bg5 25. Qd3 Bh6 26. g4 Qe7 27. Bb4 Bxf4 28. exf4 c5 29. Re1 Qf6 30. Rxe8+ Nxe8 31. dxc5 bxc5 32. Rc1 c4 33. bxc4 Qb2+ 34. Rc2 dxc4 35. Qf5 Qb1 36. Qxc8 Qxc2+ 37. Kg3 Qe2 38. Qc5 h6 39. Qf8+ Kh7 40. Qxf7 Qe3 41. Qxc4 Nf6 42. Qc5 Ne4+ 0-1

[Event "Omsk CC-ch final"]
[Site "Omsk"]
[Date "2011.09.10"]
[Round "11"]
[White "Mikhailovsky, Viktor"]
[Black "Petrenko, Andrey"]
[Result "1-0"]
[WhiteElo "1977"]
[BlackElo "1895"]
[PlyCount "41"]
[EventDate "2011.08.20"]
[EventType "swiss"]
[EventRounds "11"]
[EventCountry "RUS"]
[SourceTitle "EXT 2023"]
[Source "ChessBase"]
[SourceDate "2022.10.05"]
[SourceVersion "1"]
[SourceVersionDate "2022.10.05"]
[SourceQuality "1"]

1. c4 Nf6 2. Nc3 e6 3. e4 d6 4. d4 b6 5. f4 Bb7 6. Bd3 Be7 7. Nf3 Nfd7 8. 0-0 c5 9. d5 a6 10. e5 Qc7 11. Be4 exd5 12. Nxd5 Bxd5 13. Qxd5 Ra7 14. e6 fxe6 15. Qxe6 Nf6 16. Ng5 Qd7 17. Qf7+ Kd8 18. Qxg7 Rg8 19. Qf7 Nc6 20. Nxh7 Qg4 21. Nxf6 1-0

[Event "Omsk CC-ch final"]
[Site "Omsk"]
[Date "2011.09.05"]
[Round "9"]
[White "Zenzera, Alexey"]
[Black "Mikhailovsky, Viktor"]
[Result "1-0"]
[WhiteElo "2236"]
[BlackElo "1977"]
[PlyCount "97"]
[EventDate "2011.08.20"]
[EventType "swiss"]
[EventRounds "11"]
[EventCountry "RUS"]
[SourceTitle "EXT 2023"]
[Source "ChessBase"]
[SourceDate "2022.10.05"]
[SourceVersion "1"]
[SourceVersionDate "2022.10.05"]
[SourceQuality "1"]

1. c4 Nf6 2. Nf3 g6 3. Nc3 Bg7 4. e4 d6 5. d4 c5 6. d5 Nbd7 7. h3 0-0 8. Bd3 a6 9. 0-0 Qc7 10. Rb1 Rb8 11. Qe2 b6 12. Bf4 Ne5 13. Nxe5 dxe5 14. Bg5 Nh5 15. Qd2 Nf4 16. a4 f6 17. Bh4 Bh6 18. Qd1 Rf7 19. Ne2 Bd7 20. Nxf4 exf4 21. f3 Bg7 22. Be1 a5 23. Bc3 f5 24. Bxg7 Kxg7 25. exf5 Bxf5 26. Re1 Bd7 27. Qc2 Qd6 28. Re4 e5 29. Rbe1 Re8 30. Qc3 Bxa4 31. Rxe5 Rxe5 32. Rxe5 Qf6 33. Qe1 Bd7 34. h4 h6 35. h5 gxh5 36. Qe4 h4 37. Kh2 Kf8 38. Bf1 Qg7 39. Rh5 Qg3+ 40. Kg1 h3 41. Qe5 hxg2 42. Qh8+ Qg8 43. Qxh6+ Qg7 44. Bd3 Re7 45. Qxf4+ Rf7 46. Qd6+ Re7 47. Qf4+ Rf7 48. Qb8+ Be8 49. Re5 1-0

[Event "Omsk CC-ch sf"]
[Site "Omsk"]
[Date "2011.07.03"]
[Round "10"]
[White "Toroshina, Muza"]
[Black "Mikhailovsky, Viktor"]
[Result "1-0"]
[WhiteElo "1824"]
[BlackElo "1977"]
[PlyCount "23"]
[EventDate "2011.06.20"]
[EventType "swiss"]
[EventRounds "11"]
[EventCountry "RUS"]
[SourceTitle "EXT 2023"]
[Source "ChessBase"]
[SourceDate "2022.10.05"]
[SourceVersion "1"]
[SourceVersionDate "2022.10.05"]
[SourceQuality "1"]

1. e4 Nf6 2. Nc3 d6 3. Nf3 Nc6 4. d4 g6 5. d5 Ne5 6. Nxe5 dxe5 7. Bb5+ Bd7 8. Bxd7+ Qxd7 9. 0-0 Bg7 10. f4 exf4 11. Bxf4 0-0 12. h3 1-0

[Event "Omsk-ch"]
[Site "Omsk"]
[Date "2010.03.06"]
[Round "9"]
[White "Mikhailovsky, Viktor"]
[Black "Baboshin, Sergei"]
[Result "0-1"]
[WhiteElo "1991"]
[BlackElo "2143"]
[PlyCount "54"]
[EventDate "2010.02.20"]
[EventType "swiss"]
[EventRounds "11"]
[EventCountry "RUS"]
[SourceTitle "CBM 135 Extra"]
[Source "ChessBase"]
[SourceDate "2010.05.04"]
[SourceVersion "1"]
[SourceVersionDate "2010.05.04"]
[SourceQuality "1"]

1. d4 Nf6 2. Nf3 b6 3. c4 Bb7 4. Nc3 e6 5. Bg5 Bb4 6. Qc2 h6 7. Bxf6 Qxf6 8. 0-0-0 Bxc3 9. Qxc3 d6 10. Qc2 Nd7 11. Rd2 0-0 12. Rg1 c5 13. g4 Qf4 14. Rg3 cxd4 15. e3 dxe3 16. fxe3 Qxe3 17. Bg2 Qf4 18. g5 Be4 19. Qc3 h5 20. Ne1 Bxg2 21. Nxg2 Qe5 22. g6 fxg6 23. Qxe5 Nxe5 24. Rxd6 Rf1+ 25. Kc2 Re8 26. b3 g5 27. Rxg5 Nf7 0-1